| 000 | 01168cam a22003615a 4500 | ||
|---|---|---|---|
| 001 | 7189712 | ||
| 003 | EG-ScBUE | ||
| 005 | 20220307134640.0 | ||
| 008 | 051016s2005 ua f 000 f eng d | ||
| 020 | _a9774249232 | ||
| 020 | _a978977424235 | ||
| 035 | _a(OCoLC)ocn691566873 | ||
| 040 |
_aHLS _beng _erda _cHLS _dNDD _dEG-ScBUE |
||
| 041 | 1 |
_aeng _hara |
|
| 043 | _aa-iq--- | ||
| 082 | 0 | 4 |
_a892.736 _bMAM _222 |
| 100 | 1 |
_aMamdouh, Alia, _eauthor. |
|
| 245 | 1 | 0 |
_aNaphtalene : _ba novel of Baghdad / _cAlia Mamdouh ; translated by Peter Theroux. |
| 264 | 1 |
_aCairo : _bThe American University in Cairo Press, _c2005. |
|
| 300 |
_a190 pages ; _c20 cm. |
||
| 336 |
_2rdacontent _atext _btxt |
||
| 337 |
_2rdamedia _aunmediated _bn |
||
| 338 |
_2rdacarrier _avolume _bnc |
||
| 490 | 0 | _aModern Arabic literature | |
| 546 | _aText in English ; translated from original Arabic. | ||
| 650 | _2BUEsh | ||
| 651 | 7 |
_aBaghdad (Iraq) _vFiction. _2BUEsh _924483 |
|
| 653 |
_bGGEN _bARALIT _cMarch2017 |
||
| 655 |
_vReading book _934232 |
||
| 700 | 1 |
_aTheroux, Peter, _etranslator. _91764 |
|
| 942 |
_2ddc _cBB |
||
| 999 |
_c24493 _d24465 |
||